[Event "ESP-chT Regional U14"]
[Site "Gijon"]
[Date "2021.06.17"]
[Round "1.3"]
[White "Gonzalez Fernandez, Silvia I"]
[Black "Provedo Calvo, Paula"]
[Result "1-0"]
[WhiteElo "1127"]
[BlackElo "1209"]
[PlyCount "105"]
[EventDate "2021.06.17"]
[EventType "team-swiss"]
[EventRounds "6"]
[EventCountry "ESP"]
[SourceTitle "EXT 2022"]
[Source "ChessBase"]
[SourceDate "2021.10.06"]
[SourceVersion "1"]
[SourceVersionDate "2021.10.06"]
[SourceQuality "1"]
[WhiteTeam "Asturias U14"]
[BlackTeam "La Rioja U14"]
[WhiteTeamCountry "ESP"]
[BlackTeamCountry "ESP"]

1. e4 e5 2. Nf3 Nc6 3. Bc4 Bc5 4. c3 Nf6 5. d3 h6 6. h3 b6 7. Nbd2 d5 8. Bb5 Bd7 9. Qe2 d4 10. Bxc6 Bxc6 11. Nxe5 Qd6 12. Nxc6 Qxc6 13. cxd4 Bxd4 14. Nf3 Bc5 15. 0-0 0-0 16. d4 Be7 17. e5 Nd5 18. Be3 Qg6 19. Rfd1 Qe4 20. Re1 Bb4 21. Bd2 Qg6 22. a3 Be7 23. Qe4 Qc6 24. Rac1 Qb5 25. Qc2 Rac8 26. b4 c5 27. a4 Qd7 28. bxc5 bxc5 29. Qc4 Rc6 30. e6 fxe6 31. Ne5 Qd6 32. Nxc6 Qxc6 33. dxc5 Bxc5 34. Qxc5 Qd7 35. Qc6 Qf7 36. Qxe6 Qxe6 37. Rxe6 Nb6 38. Re7 Rd8 39. Be3 Nxa4 40. Bxa7 Nb2 41. Rec7 Kh7 42. Rb1 Nd3 43. Rd1 Rd5 44. Rc3 Kg6 45. Rdxd3 Rxd3 46. Rxd3 Kh7 47. Rd7 Kg8 48. f3 Kh7 49. Kf2 Kg6 50. Kg3 Kf6 51. Bd4+ Kg5 52. Rxg7+ Kh5 53. Kf4 1-0

[Event "Pontevedra op-B 6th"]
[Site "Pontevedra"]
[Date "2018.08.10"]
[Round "4"]
[White "Gonzalez Fernandez, Silvia I"]
[Black "Sarhani, Abdellah"]
[Result "0-1"]
[WhiteElo "1217"]
[BlackElo "1597"]
[PlyCount "118"]
[EventDate "2018.08.08"]
[EventType "swiss"]
[EventRounds "9"]
[EventCountry "ESP"]
[SourceTitle "CBM 186 Extra"]
[Source "ChessBase"]
[SourceDate "2018.08.24"]
[SourceVersion "1"]
[SourceVersionDate "2018.08.24"]
[SourceQuality "1"]

1. e4 e5 2. Nf3 Nc6 3. Bc4 g6 4. d3 Bg7 5. Ng5 Nh6 6. Be3 0-0 7. h3 Na5 8. Bb3 Nxb3 9. axb3 d5 10. Nf3 dxe4 11. dxe4 Qxd1+ 12. Kxd1 b6 13. Nxe5 Bxe5 14. Bxh6 Rd8+ 15. Nd2 Bxb2 16. Ra2 Bc3 17. Ke2 Re8 18. f3 f5 19. Rd1 Bb7 20. Bf4 fxe4 21. Bxc7 exf3+ 22. Kf2 Re2+ 23. Kg3 Rxd2 24. Rxd2 Bxd2 25. gxf3 Rc8 26. Be5 a5 27. c4 Be3 28. Re2 Bc5 29. Bc3 Rf8 30. f4 Kf7 31. Kg4 Re8 32. Rd2 Bc6 33. Kg5 Re3 34. Be5 Rxb3 35. Bd6 Rxh3 36. Bxc5 bxc5 37. Rd8 Ke6 38. Rb8 a4 39. Rb6 Kd7 40. Ra6 a3 41. Kg4 Rc3 42. f5 gxf5+ 43. Kxf5 Bb7 44. Ra7 Kc6 45. Kg5 Kb6 46. Ra4 Kc6 47. Rxa3 Rxa3 48. Kh6 Rc3 49. Kxh7 Rxc4 50. Kg6 Rd4 51. Kf5 Kd6 52. Kf6 c4 53. Kg5 c3 54. Kh5 c2 55. Kg5 c1Q+ 56. Kf5 Qf1+ 57. Kg5 Rd2 58. Kg4 Rg2+ 59. Kh4 Qh1# 0-1

[Event "Pontevedra op-B 6th"]
[Site "Pontevedra"]
[Date "2018.08.09"]
[Round "2"]
[White "Gonzalez Fernandez, Silvia I"]
[Black "Gonzalez Fernandez, Alicia"]
[Result "1/2-1/2"]
[WhiteElo "1217"]
[BlackElo "1443"]
[PlyCount "53"]
[EventDate "2018.08.08"]
[EventType "swiss"]
[EventRounds "9"]
[EventCountry "ESP"]
[SourceTitle "CBM 186 Extra"]
[Source "ChessBase"]
[SourceDate "2018.08.24"]
[SourceVersion "1"]
[SourceVersionDate "2018.08.24"]
[SourceQuality "1"]

1. e4 d5 2. exd5 Qxd5 3. Nc3 Qd8 4. Nf3 Nf6 5. Bc4 Bf5 6. d4 c6 7. Bd2 Qc7 8. 0-0 e6 9. Re1 Be7 10. Re3 Nbd7 11. a3 Nb6 12. Bb3 0-0 13. Nh4 Ng4 14. Nxf5 Qxh2+ 15. Kf1 Nxe3+ 16. Nxe3 Rad8 17. Bc1 c5 18. d5 Bf6 19. Ng4 Qh1+ 20. Ke2 Qxg2 21. Nxf6+ gxf6 22. Bh6 Qg4+ 23. Ke1 Qg1+ 24. Ke2 Qg4+ 25. Ke1 Qg1+ 26. Ke2 Qg4+ 27. Ke1 1/2-1/2